00738cam a22002175a 4500001000800000005001700008008004100025020001500066040003300081082002000114100003000134245004600164260004100210300003400251504005100285650003100336653002800367942000800395999001700403952010000420172688520180320134921.0730427t1972 enka frb 001 0 eng d a0900193131 aDLCcDLCdDLCdEG-ScBUEbeng04a621.47222bBRI1 aBrinkworth, Brian Joseph.10aSolar energy for man /cB. J. Brinkworth. aSalisbury :bCompton Press,cc.1972. axii, 251 p. :bill. ;c23 cm. aIncludes bibliographical references and index. 7aSolar energy.2BUEsh95597 bGGENbENGGENcMarch2018 2ddc c26365d26337 00102ddc4070aMAINbMAINc1STd2018-03-20l0o621.47 BRIp000047465r2025-07-15 00:00:00yBB